000
00371nam a2200133Ia 4500
008
151001s9999||||xx |||||||||||||| ||und||
100
_a
दुर्गा - भागवत
245
_a
दख्खनच्या लोककथा भाग चौथा
250
_a
2
260
_b
वरदा बुक्स
260
_c
1976
300
_a
91
365
_b
18
999
_c
958935
_d
958932